Normal view
MARC view
- Supervisor: Dr Muhammad Ajmal Khan
Entry Personal Name
001 - CONTROL NUMBER
- control field: 126379
003 - CONTROL NUMBER IDENTIFIER
- control field: NUST
005 - DATE AND TIME OF LATEST TRANSACTION
- control field: 20241017131927.0
008 - FIXED-LENGTH DATA ELEMENTS
- fixed length control field: 241017|| aca||aabn | a|a d
040 ## - CATALOGING SOURCE
- Original cataloging agency: NUST
- Transcribing agency: NUST
100 ## - HEADING--PERSONAL NAME
- Personal name: Supervisor: Dr Muhammad Ajmal Khan
670 ## - SOURCE DATA FOUND
- Source citation: Work cat.: (NUST): Aleem, Muhammad Abdul 126378, Enhancing Image Processing through Quantum CNN/
